| 000 | 00426nam a2200157Ia 4500 | ||
|---|---|---|---|
| 005 | 20250703023808.0 | ||
| 008 | 240331s9999 xx 000 0 und d | ||
| 020 | _a9552028795 | ||
| 082 |
_bRAT _a920 |
||
| 100 | _aRatnakara,S | ||
| 245 | 0 |
_aTheresa mawutumiya : _bdayawe devagana |
|
| 260 |
_aColombo _bS. Godage & BRothers _c1998 |
||
| 300 | _a135 p ., | ||
| 500 | _aA book on Teresa of Mawtumi - Mother of Mercy | ||
| 942 | _cL | ||
| 999 |
_c5294 _d5294 |
||